Aplicación practica del Código Fiscal de la Federación 2020 (Registro nro. 168627)
[ vista simple ]
| 000 -LEADER | |
|---|---|
| fixed length control field | 01706nam a22002537a 4500 |
| 007 - PHYSICAL DESCRIPTION FIXED FIELD--GENERAL INFORMATION | |
| fixed length control field | cr|||| |||| |
| 008 - FIXED-LENGTH DATA ELEMENTS--GENERAL INFORMATION | |
| fixed length control field | 200526s2020 mx |||||s|||| 00||0 spa d |
| 020 ## - INTERNATIONAL STANDARD BOOK NUMBER | |
| International Standard Book Number | 978-607-541-202-3 |
| 035 ## - | |
| -- | 31460 |
| 040 ## - CATALOGING SOURCE | |
| Original cataloging agency | vLex |
| 090 ## - | |
| -- | 10391 |
| -- | 10391 |
| 100 1# - MAIN ENTRY--PERSONAL NAME | |
| Personal name | Sánchez Miranda, Arnulfo |
| 245 10 - TITLE STATEMENT | |
| Title | Aplicación practica del Código Fiscal de la Federación 2020 |
| Medium | [Recurso electrónico] / |
| Statement of responsibility, etc | Arnulfo Sánchez Miranda |
| 256 ## - | |
| -- | Servicio en línea |
| 260 ## - PUBLICATION, DISTRIBUTION, ETC. (IMPRINT) | |
| Place of publication, distribution, etc | Ciudad de México: |
| Name of publisher, distributor, etc | Ediciones Fiscales ISEF, |
| Date of publication, distribution, etc | 2020 |
| 300 ## - PHYSICAL DESCRIPTION | |
| Extent | 1 recurso electrónico |
| 500 ## - GENERAL NOTE | |
| General note | Conozca a través de esta obra, APLICACION PRÁCTICA DEL CÓDIGO FISCAL, los elementos sustantivos de las contribuciones, derechos y obligaciones tanto de la autoridad fiscal así como de los contribuyentes. También este título le proporcionará las herramientas básicas para orientar de forma correcta el pago del tributo. Esta es una obra enriquecida con un marco conceptual, práctico y numérico, cuyo contenido es de consulta obligatoria tanto en universidades públicas como privadas y para todos aquellos interesados del contexto tributario. INCLUYE el tema "ESQUEMAS FISCALES REPORTABLES" |
| 506 1# - RESTRICTIONS ON ACCESS NOTE | |
| Terms governing access | Disponible solo en los productos indicados |
| Authorized users | vLex Global |
| -- | vLex Global (Academic Edition, excluding Law Schools) |
| -- | vLex Global (U.S. Academic Edition, Law Schools) |
| -- | vLex Global (U.S. Academic Edition, excluding Law Schools) |
| -- | vLex Global (Academic Edition, Law Schools) |
| 650 04 - SUBJECT ADDED ENTRY--TOPICAL TERM | |
| Topical term or geographic name as entry element | Derecho Fiscal |
| Geographic subdivision | México |
| 740 0# - | |
| -- | vLex Libros (Servicio en línea) |
| 856 40 - LOCALIZACIÓN Y ACCESO ELECTRÓNICO | |
| Identificador Uniforme del Recurso (URI/URL) | https://app.vlex.com/#/sources/aplicacion-practica-del-codigo-fiscal-de-la-federacion-2020-31460 |
| 942 ## - | |
| -- | RAA |
| 999 ## - | |
| -- | 168627 |
| -- | 168627 |
No hay ítems disponibles.